Practical grammar. (Record no. 23794)
[ view plain ]
| 000 -LEADER | |
|---|---|
| fixed length control field | 01549nam a22003735a 4500 |
| 003 - CONTROL NUMBER IDENTIFIER | |
| control field | EG-ScBUE |
| 005 - DATE AND TIME OF LATEST TRANSACTION | |
| control field | 20220717100858.0 |
| 006 - FIXED-LENGTH DATA ELEMENTS--ADDITIONAL MATERIAL CHARACTERISTICS--GENERAL INFORMATION | |
| fixed length control field | m||||fq||z 00| 0 |
| 008 - FIXED-LENGTH DATA ELEMENTS--GENERAL INFORMATION | |
| fixed length control field | 170102t2010 enka f 001 0 eng d |
| 020 ## - INTERNATIONAL STANDARD BOOK NUMBER | |
| International Standard Book Number | 9781424018086 |
| 020 ## - INTERNATIONAL STANDARD BOOK NUMBER | |
| International Standard Book Number | 1424018080 |
| 040 ## - CATALOGING SOURCE | |
| Original cataloging agency | EG-ScBUE |
| Language of cataloging | eng |
| Description conventions | rda |
| Transcribing agency | EG-ScBUE |
| Modifying agency | EG-ScBUE |
| 082 04 - DEWEY DECIMAL CLASSIFICATION NUMBER | |
| Classification number | 428.2 |
| Item number | RIL |
| Edition number | 22 |
| 100 1# - MAIN ENTRY--PERSONAL NAME | |
| Personal name | Riley, David, |
| Relator term | author. |
| 245 10 - TITLE STATEMENT | |
| Title | Practical grammar. |
| Number of part/section of a work | level 1 / |
| Statement of responsibility, etc | David Riley, John Hughes. |
| 264 #1 - PUBLICATION, DISTRIBUTION, ETC. (IMPRINT) | |
| Place of publication, distribution, etc | Hampshire, United Kingdom : |
| Name of publisher, distributor, etc | Heinle, Cengage Learning, |
| Date of publication, distribution, etc | [2010] |
| 264 #4 - PUBLICATION, DISTRIBUTION, ETC. (IMPRINT) | |
| Date of publication, distribution, etc | c2010 |
| 300 ## - PHYSICAL DESCRIPTION | |
| Extent | 272 pages : |
| Other physical details | illustrations ; |
| Dimensions | 24 cm + |
| Accompanying material | 2 audio CD |
| 336 ## - CONTENT TYPE | |
| Source | rdacontent |
| Content type term | text |
| Content type code | txt |
| 336 ## - CONTENT TYPE | |
| Source | rdacontent |
| Content type term | sounds |
| Content type code | snd |
| 337 ## - MEDIA TYPE | |
| Source | rdamedia |
| Media type term | unmediated |
| Media type code | n |
| 337 ## - MEDIA TYPE | |
| Source | rdamedia |
| Media type term | audio |
| Media type code | s |
| 338 ## - CARRIER TYPE | |
| Source | rdacarrier |
| Carrier type term | volume |
| Carrier type code | nc |
| 338 ## - CARRIER TYPE | |
| Source | rdacarrier |
| Carrier type term | computer disc |
| Carrier type code | cd |
| 500 ## - GENERAL NOTE | |
| General note | Includes index. |
| 520 ## - SUMMARY, ETC. | |
| Summary, etc | Presents a three-level British English grammar course for self study or use in the classroom. This series takes students through key aspects of English grammar from Elementary to Upper-Intermediate levels. It includes two audio CDs and a pin code which allows access to MyPG for online practice at home or in self-access centres. |
| 650 #7 - SUBJECT ADDED ENTRY--TOPICAL TERM | |
| Topical term or geographic name as entry element | English language |
| General subdivision | Grammar |
| Form subdivision | Problems, exercises, etc. |
| Source of heading or term | BUEsh |
| 650 #7 - SUBJECT ADDED ENTRY--TOPICAL TERM | |
| Topical term or geographic name as entry element | English language |
| General subdivision | Study and teaching |
| -- | Foreign speakers. |
| Source of heading or term | BUEsh |
| 651 ## - SUBJECT ADDED ENTRY--GEOGRAPHIC NAME | |
| Source of heading or term | BUEsh |
| 653 ## - INDEX TERM--UNCONTROLLED | |
| Resource For college | Humanities: English |
| Arrived date list | January2017 |
| 655 ## - INDEX TERM--GENRE/FORM | |
| Form subdivision | Reading book |
| 9 (RLIN) | 34232 |
| 700 1# - ADDED ENTRY--PERSONAL NAME | |
| Personal name | Hughes, John, |
| Relator term | author. |
| 9 (RLIN) | 38649 |
| 942 ## - ADDED ENTRY ELEMENTS (KOHA) | |
| Source of classification or shelving scheme | Dewey Decimal Classification |
| Koha item type | Book - Borrowing |
| Withdrawn status | Lost status | Source of classification or shelving scheme | Damaged status | Not for loan | Collection code | Home library | Current library | Shelving location | Date acquired | Source of acquisition | Cost, normal purchase price | Serial Enumeration / chronology | Total Checkouts | Total Renewals | Full call number | Barcode | Date last seen | Date checked out | Cost, replacement price | Price effective from | Koha item type | Checked out | Public note | Materials specified (bound volume or other part) |
|---|---|---|---|---|---|---|---|---|---|---|---|---|---|---|---|---|---|---|---|---|---|---|---|---|
| Dewey Decimal Classification | ILB | Central Library | Central Library | Second Floor | 02/01/2017 | Purchase | 288.00 | 8263 | 4 | 8 | 428.2 RIL | 000040685 | 19/11/2025 | 22/10/2025 | 360.00 | 02/01/2017 | Book - Borrowing | |||||||
| Dewey Decimal Classification | ILB | Central Library | Central Library | Second Floor | 02/01/2017 | Purchase | 288.00 | 8263 | 3 | 21 | 428.2 RIL | 000046075 | 22/10/2025 | 22/10/2025 | 360.00 | CD | DVD - With book | 18/11/2025 | Units 1-50 | ||||||
| Dewey Decimal Classification | ILB | Central Library | Central Library | Second Floor | 02/01/2017 | Purchase | 288.00 | 8263 | 1 | 428.2 RIL | 000046076 | 02/11/2022 | 26/10/2022 | 360.00 | CD | DVD - With book | Units 51-100 | Lost In Inventory_2018-08-12 |